000 00848nam a22002532 4500
001 0000005259
005 20151217151958.0
008 070611s xx 000 0 eng d
020 _a0521339383 :
_cGBP 50.00
040 _aKABU
_cKABU
050 0 _aTN269
_b.T45 1990
100 1 _aTelford, William Murray.
_@0000156450
245 1 0 _aApplied geophysics /
_cW. M. Telford, L. P. Geldart, R. E. Sheriff.
250 _a2nd ed.
260 _aCambridge :
_bCambridge University Press,
_c1990.
300 _axx, 770 p. :
_bill. ;
_c25 cm.
504 _aIncludes bibliographical references and index.
650 0 _aProspecting
_xGeophysical methods.
_@0000156446
700 1 _aGeldart, L. P.
_@0000156451
700 1 _aSheriff, Robert E.
_@0000156452
908 _a070611
950 _@1
999 _c6952
_d6952